000 01169cam a22003377a 4500
003 CHAP
005 20220329134757.0
008 971013s1984 mx a r 00010 spa d
010 _a25731
011 _a26703
035 _a30804
040 _cCHAP
082 _a580
_bI5
110 _aInstituto Tamaulipeco de Bellas Artes
_959451
245 1 3 _aLa vegetación de Tamaulipas
260 _a(s.l.) :
_bEl Instituto,
_c(1984)
300 _as.p.
_b: ilus. ; mapas
590 _aBATCH-UPD
_b10
_c20130110
_lUCH01
_h0135
590 _aBATCH-UPD
_b10
_c20130110
_lUCH01
_h2230
590 _aBATCH-UPD
_b10
_c20130409
_lUCH01
_h2131
590 _aBATCH-UPD
_b10
_c20130410
_lUCH01
_h1526
590 _aBATCH-UPD
_b10
_c20130914
_lUCH01
_h0729
590 _aCONVERSION
_b10
_c20130109
_lUCH01
_h1315
650 1 4 _aBotánica
_xTamaulipas.
_914622
650 1 4 _aUniversidad Nacional Autónoma de México Instituto de Biología.
_9116489
901 _aBK
942 _cLIBRO
949 _a580 I5
_bBC
_cESP
_d-71288
_eESP
_h61482
_i30804
_si
949 _a580 I5
_bBC
_cESP
_d-71289
_eESP
_fc.2
_h61110
_i30804
_si
949 _a580 I5
_bBC
_cESP
_d33724002237868
_eESP
_fc.3
_gDonaciØn
_h114255
_i30804
_sb
999 _c25731
_d25731